La Marseillaise - Mort subite - Statistiques

Statistiques générales
  • Ce quiz a été pris 72 127 fois
  • Le résultat moyen est 8 sur 20
Answers on the Grid
Answers color-coded by a green-red scale on the quiz's grid according to % correct below.
Allons
Marchons
Patrie
Gloire
Soldats
Sang
Sanglant
Jour
Armes
Formez
Bataillons
Fils
De
Le
La
Ces
Mugir
Etendard
Est
Féroces
Barbares
Rhin
Fier
Ses
Du
Mères
Filles
Bataille
Elevé
Français
France
Drapeau
Pays
Fusils
Et
Abreuvons
 
Statistiques - réponses
Réponse % Correct
Allons
55%
Patrie
52%
Etendard
49%
Marchons
47%
Sanglant
45%
La
44%
Gloire
43%
De
42%
Jour
40%
Le
40%
Bataillons
38%
Est
37%
Mugir
37%
Formez
36%
Soldats
36%
Armes
35%
Féroces
32%
Sang
31%
Fils
28%
Ces
16%
Aucun quiz correspondant
Distribution des résultats
% des personnes avec chaque résultat
Percentile par nombre de réponses
Votre historique - résultats
Vous n’avez pas pris ce quiz